[Event "Chigorin mem op"]
[Site "St Petersburg RUS"]
[Date "2001.10.28"]
[Round "3"]
[White "Sambuev, Bator"]
[Black "Ignatiev, Alexander"]
[Result "1-0"]
[WhiteElo "2458"]
[BlackElo "2311"]
[PlyCount "99"]
[EventDate "2001.10.26"]
[EventType "swiss"]
[EventRounds "9"]
[EventCountry "RUS"]
[Source "Mark Crowther"]
[SourceDate "2001.10.29"]

1. e4 d6 2. d4 Nf6 3. Nc3 g6 4. h3 Bg7 5. g4 c5 6. dxc5 Qa5 7. Bg2 Qxc5 8. Nge2
O-O 9. Be3 Qc7 10. O-O Nc6 11. Nf4 Nd7 12. Qe2 a6 13. Ncd5 Qd8 14. c4 e6 15.
Nc3 Qc7 16. Rac1 Nc5 17. Rfd1 Rd8 18. Bf1 Bd7 19. Ng2 Be8 20. f4 Qe7 21. Qc2 b5
22. cxb5 axb5 23. Qb1 b4 24. Nb5 Na4 25. Rd2 Rab8 26. Rcd1 d5 27. exd5 exd5 28.
Nd4 Nc3 29. Nxc6 Bxc6 30. bxc3 bxc3 31. Qa1 Ba4 32. Rxd5 Bxd1 33. Qxd1 Rxd5 34.
Qxd5 Qa3 35. Ne1 Re8 36. Bc4 Qe7 37. Nc2 Rd8 38. Qf3 Qc7 39. Bb3 Qd7 40. Kf2
Qd3 41. Qb7 Rd7 42. Qc6 Rd8 43. Qc4 Qd7 44. a4 h5 45. Kg3 hxg4 46. hxg4 Qb7 47.
a5 Rd1 48. a6 Qh1 49. Qxf7+ Kh7 50. Qg8+ 1-0

[Event "Chigorin mem op"]
[Site "St Petersburg RUS"]
[Date "2001.10.29"]
[Round "4"]
[White "Isajevsky, Anton"]
[Black "Sambuev, Bator"]
[Result "0-1"]
[WhiteElo "2333"]
[BlackElo "2458"]
[PlyCount "90"]
[EventDate "2001.10.26"]
[EventType "swiss"]
[EventRounds "9"]
[EventCountry "RUS"]
[Source "Mark Crowther"]
[SourceDate "2001.05.14"]

1. d4 e6 2. g3 d5 3. Bg2 c6 4. c4 dxc4 5. Nf3 b5 6. O-O Bb7 7. a4 a6 8. Nc3 Nd7
9. Ne5 Nxe5 10. dxe5 Qb8 11. Ne4 f5 12. exf6 Nxf6 13. Ng5 e5 14. b3 h6 15. Ne6
Kf7 16. Nxf8 Rxf8 17. bxc4 c5 18. Bxb7 Qxb7 19. Bb2 Rad8 20. Qb3 b4 21. Bxe5
Qe4 22. Bxf6 gxf6 23. Rad1 Qxe2 24. a5 Rfe8 25. Rd5 Rxd5 26. cxd5 Re4 27. Rc1
Rd4 28. Qb1 Kg7 29. Re1 Qf3 30. Qc2 Qxd5 31. Re7+ Kf8 32. Re1 f5 33. Qa4 Re4
34. Rd1 Rd4 35. Re1 Qd7 36. Qb3 Re4 37. Rc1 Qd4 38. Rd1 Qc4 39. Qf3 Qe6 40. Kg2
Rd4 41. Rxd4 cxd4 42. Qa8+ Kf7 43. Qb7+ Kg6 44. Qxb4 Qd5+ 45. Kf1 d3 0-1

[Event "Chigorin mem op"]
[Site "St Petersburg RUS"]
[Date "2001.10.30"]
[Round "5"]
[White "Sambuev, Bator"]
[Black "Zakharstov, Viacheslav"]
[Result "0-1"]
[WhiteElo "2458"]
[BlackElo "2527"]
[PlyCount "68"]
[EventDate "2001.10.26"]
[EventType "swiss"]
[EventRounds "9"]
[EventCountry "RUS"]
[Source "Mark Crowther"]
[SourceDate "2001.05.14"]

1. Nf3 g6 2. c4 Bg7 3. Nc3 c5 4. d4 cxd4 5. Nxd4 Nc6 6. Nc2 Bxc3+ 7. bxc3 Qa5
8. Qd2 Nf6 9. f3 d6 10. e4 O-O 11. Ne3 Be6 12. Rb1 Qc7 13. Nd5 Bxd5 14. cxd5
Na5 15. Qd4 Rfc8 16. Bd2 a6 17. a4 Nd7 18. h4 f6 19. f4 Rab8 20. h5 Nc4 21.
hxg6 hxg6 22. Qd3 Nxd2 23. Qh3 Nf3+ 24. gxf3 Qxc3+ 25. Kf2 Nf8 26. Kg3 Kf7 27.
Qh8 f5 28. e5 dxe5 29. fxe5 Ke8 30. e6 Qc7+ 31. Kh3 Qf4 32. Be2 g5 33. Rb3 Rc2
34. Qg7 Qh4+ 0-1

[Event "Chigorin mem op"]
[Site "St Petersburg RUS"]
[Date "2001.10.31"]
[Round "6"]
[White "Slavina, Irina"]
[Black "Sambuev, Bator"]
[Result "1/2-1/2"]
[WhiteElo "2346"]
[BlackElo "2458"]
[PlyCount "109"]
[EventDate "2001.10.26"]
[EventType "swiss"]
[EventRounds "9"]
[EventCountry "RUS"]
[Source "Mark Crowther"]
[SourceDate "2001.05.14"]

1. d4 e6 2. Nf3 Nf6 3. c4 b6 4. e3 Bb7 5. Bd3 d5 6. O-O Bd6 7. Nc3 O-O 8. b3 a6
9. Bb2 Nbd7 10. Qc2 c5 11. cxd5 exd5 12. dxc5 bxc5 13. e4 d4 14. Nb1 Re8 15.
Nbd2 Bc7 16. a3 Rc8 17. Rae1 Ng4 18. Nc4 f5 19. h3 fxe4 20. Bxe4 Rxe4 21. Rxe4
Ndf6 22. Ng5 Nxe4 23. Nxe4 Nf6 24. f3 Bb8 25. Bc1 h6 26. Qd3 Nd5 27. b4 cxb4
28. Qxd4 Nc3 29. Qxd8+ Rxd8 30. axb4 Bxe4 31. fxe4 Rc8 32. Nb6 Ne2+ 33. Kf2 Rc2
34. Bd2 Rxd2 35. Ke3 Ra2 36. Nd7 Ba7+ 37. Kd3 g5 38. Rf6 Nf4+ 39. Kc4 Rd2 40.
Nc5 Bxc5 41. bxc5 Rc2+ 42. Kd4 h5 43. Rxa6 Kf7 44. c6 Ke7 45. e5 Rxg2 46. Ra7+
Ke6 47. Rh7 Rc2 48. Rh6+ Kf7 49. Ke4 Kg7 50. Rd6 Nxh3 51. Kf5 h4 52. Rd7+ Kh6
53. c7 Nf4 54. Rd6+ Kh5 55. Rd7 1/2-1/2

[Event "Chigorin mem op"]
[Site "St Petersburg RUS"]
[Date "2001.10.01"]
[Round "7"]
[White "Sambuev, Bator"]
[Black "Krivonogov, Alexander"]
[Result "1/2-1/2"]
[WhiteElo "2458"]
[BlackElo "2337"]
[PlyCount "102"]
[EventDate "2001.10.26"]
[EventType "swiss"]
[EventRounds "9"]
[EventCountry "RUS"]
[Source "Mark Crowther"]
[SourceDate "2001.05.14"]

1. Nf3 Nf6 2. c4 g6 3. Nc3 d5 4. cxd5 Nxd5 5. Qa4+ Nc6 6. Ne5 Ndb4 7. e3 Bg7 8.
a3 Bxe5 9. axb4 O-O 10. b5 Nb8 11. d4 Bg7 12. Be2 c6 13. Bf3 Bd7 14. Qb3 Be6
15. Qb4 a5 16. bxa6 Rxa6 17. Rxa6 bxa6 18. O-O Qc7 19. Qc5 Rc8 20. Bd2 Qd6 21.
Ne4 Qxc5 22. Nxc5 Bc4 23. Rc1 Bb5 24. Bg4 Re8 25. f4 e6 26. Bf3 Bf8 27. Ne4 Nd7
28. Nc3 Nb6 29. Nxb5 cxb5 30. Rc6 Rb8 31. Be2 Be7 32. b3 Rc8 33. Rxb6 Rc2 34.
Rxa6 Rxd2 35. Bxb5 Rb2 36. Bc4 Bb4 37. Kf1 Kf8 38. Ra8+ Ke7 39. Ra7+ Kf8 40.
Rb7 Be7 41. Be2 g5 42. g3 h6 43. h3 gxf4 44. gxf4 Bh4 45. Rb5 Kg7 46. Rb7 Kg6
47. b4 Rb3 48. e4 f5 49. exf5+ Kxf5 50. Bg4+ Kxf4 51. Bxe6 Rb1+ 1/2-1/2

[Event "Chigorin mem op"]
[Site "St Petersburg RUS"]
[Date "2001.10.02"]
[Round "8"]
[White "Zablotsky, Sergei"]
[Black "Sambuev, Bator"]
[Result "1-0"]
[WhiteElo "2353"]
[BlackElo "2458"]
[PlyCount "97"]
[EventDate "2001.10.26"]
[EventType "swiss"]
[EventRounds "9"]
[EventCountry "RUS"]
[Source "Mark Crowther"]
[SourceDate "2001.05.14"]

1. Nf3 g6 2. g3 Bg7 3. Bg2 c5 4. O-O Nc6 5. c4 e6 6. Nc3 Nge7 7. e3 O-O 8. d4
cxd4 9. Nxd4 Nxd4 10. exd4 Nf5 11. d5 Qc7 12. Qd3 a6 13. b3 d6 14. dxe6 fxe6
15. Bb2 Rb8 16. Rac1 Bd7 17. Rfe1 Qb6 18. Rc2 Bd4 19. Ne4 e5 20. Bxd4 Nxd4 21.
c5 Qb4 22. Rcc1 Bb5 23. Qc3 dxc5 24. Qxc5 Ne2+ 25. Kh1 Qd4 26. Qxd4 exd4 27.
Rcd1 a5 28. Rd2 d3 29. a4 Ba6 30. Nc5 Rxf2 31. Nxa6 Re8 32. Nc5 Nxg3+ 33. Kg1
Rxd2 34. Rxe8+ Kf7 35. Rd8 Ne2+ 36. Kf1 Nf4 37. Bxb7 Rxh2 38. Nxd3 Ne6 39. Rd5
Rh3 40. Ba6 Rf3+ 41. Ke2 Rf6 42. Rd7+ Kf8 43. Bc4 Ng5 44. Rd5 Ne4 45. Rxa5 h5
46. Ke3 Nd6 47. Ne5 Kg7 48. Ra7+ Kh6 49. Nf7+ 1-0

[Event "Chigorin mem op"]
[Site "St Petersburg RUS"]
[Date "2001.10.03"]
[Round "9"]
[White "Sambuev, Bator"]
[Black "Borisenko, Andrei"]
[Result "1-0"]
[WhiteElo "2458"]
[BlackElo "2328"]
[PlyCount "39"]
[EventDate "2001.10.26"]
[EventType "swiss"]
[EventRounds "9"]
[EventCountry "RUS"]
[Source "Mark Crowther"]
[SourceDate "2001.05.14"]

1. e4 c6 2. d4 d5 3. e5 c5 4. dxc5 Nc6 5. Nf3 Bg4 6. Bb5 Qa5+ 7. Nc3 O-O-O 8.
Bxc6 bxc6 9. Qd4 Bxf3 10. gxf3 f6 11. e6 g6 12. b4 Qa6 13. Rb1 Bh6 14. b5 cxb5
15. O-O Qxe6 16. c6 Qxc6 17. Rxb5 Qa8 18. Nxd5 Rd7 19. Rd1 Kd8 20. Qb4 1-0

[Event "White Nights"]
[Site "St Petersburg RUS"]
[Date "2001.06.10"]
[Round "2"]
[White "Kornev, Alexei"]
[Black "Sambuev, Bator"]
[Result "1/2-1/2"]
[WhiteElo "2507"]
[BlackElo "2391"]
[PlyCount "74"]
[EventDate "2001.06.09"]
[EventType "swiss"]
[EventRounds "9"]
[EventCountry "RUS"]
[Source "Mark Crowther"]
[SourceDate "2001.06.11"]

1. e4 e6 2. d4 d5 3. Nc3 Bb4 4. e5 c5 5. a3 Ba5 6. Qg4 Ne7 7. dxc5 Bxc3+ 8.
bxc3 Ng6 9. Nf3 Qa5 10. Qb4 Qc7 11. Bb5+ Bd7 12. O-O O-O 13. Rb1 Rc8 14. Bd3
Na6 15. Qg4 Nxc5 16. Qh5 Nxd3 17. cxd3 Qxc3 18. Rxb7 Be8 19. Qg5 Qxd3 20. h4
Rab8 21. Rxb8 Rxb8 22. h5 h6 23. Qg4 Qe4 24. Qxe4 dxe4 25. hxg6 exf3 26. gxf7+
Kxf7 27. gxf3 Bc6 28. Be3 Rb3 29. Rc1 Bxf3 30. Rc7+ Kg6 31. Rxa7 Rb1+ 32. Kh2
Bd5 33. Rc7 Rh1+ 34. Kg3 Rg1+ 35. Kh2 Rg4 36. Kh3 Re4 37. Bc5 Rxe5 1/2-1/2

[Event "White Nights"]
[Site "St Petersburg RUS"]
[Date "2001.06.12"]
[Round "4"]
[White "Yemelin, Vasily"]
[Black "Sambuev, Bator"]
[Result "1-0"]
[WhiteElo "2522"]
[BlackElo "2391"]
[PlyCount "65"]
[EventDate "2001.06.09"]
[EventType "swiss"]
[EventRounds "9"]
[EventCountry "RUS"]
[Source "Mark Crowther"]
[SourceDate "2001.06.18"]

1. e4 e6 2. d4 d5 3. Nd2 Nf6 4. e5 Nfd7 5. c3 c5 6. Bd3 Nc6 7. Ne2 cxd4 8. cxd4
f6 9. exf6 Nxf6 10. Nf3 Qc7 11. O-O Bd6 12. Bg5 O-O 13. Bh4 Nh5 14. Qc2 h6 15.
Bg6 Rxf3 16. gxf3 Bxh2+ 17. Kh1 Nf4 18. Ng3 Bxg3 19. Bh7+ Kh8 20. fxg3 Nh5 21.
f4 Nf6 22. Bd3 Ne4 23. Bxe4 dxe4 24. Qxe4 b6 25. Kh2 Bb7 26. Rf2 Qd7 27. Rd1
Na5 28. Qe2 Bd5 29. b3 Rf8 30. g4 Nb7 31. Rc1 Nd6 32. Qe5 Ne4 33. Rc7 1-0

[Event "White Nights"]
[Site "St Petersburg RUS"]
[Date "2001.06.13"]
[Round "5"]
[White "Sambuev, Bator"]
[Black "Potkin, Vladimir"]
[Result "1-0"]
[WhiteElo "2391"]
[BlackElo "2512"]
[PlyCount "71"]
[EventDate "2001.06.09"]
[EventType "swiss"]
[EventRounds "9"]
[EventCountry "RUS"]
[Source "Mark Crowther"]
[SourceDate "2001.06.18"]

1. e4 e6 2. Nf3 d5 3. Nc3 Nf6 4. e5 Nfd7 5. d4 c5 6. dxc5 Nc6 7. Bf4 Bxc5 8.
Bd3 f6 9. exf6 Nxf6 10. Qe2 O-O 11. O-O-O Bd7 12. h4 a6 13. h5 b5 14. Ne5 Nxe5
15. Bxe5 b4 16. Nb1 Qb6 17. h6 g6 18. Bxg6 hxg6 19. h7+ Kh8 20. Qf3 Be7 21. g4
d4 22. g5 Qc6 23. Qd3 Qd5 24. Qxd4 Qxd4 25. Rxd4 Bc6 26. Rhh4 Rf7 27. gxf6 Bc5
28. Rdg4 Bxf2 29. Rh3 Rd8 30. Rxg6 Be4 31. Rg7 Rdf8 32. Nd2 Bf5 33. Rh2 Be3 34.
Kd1 Bb6 35. Nf3 Bd8 36. Rh6 1-0

[Event "White Nights"]
[Site "St Petersburg RUS"]
[Date "2001.06.14"]
[Round "6"]
[White "Zakharevich, Igor"]
[Black "Sambuev, Bator"]
[Result "1/2-1/2"]
[WhiteElo "2487"]
[BlackElo "2391"]
[PlyCount "98"]
[EventDate "2001.06.09"]
[EventType "swiss"]
[EventRounds "9"]
[EventCountry "RUS"]
[Source "Mark Crowther"]
[SourceDate "2001.06.18"]

1. d4 d5 2. Nf3 c6 3. c4 Nf6 4. Nc3 e6 5. Bg5 Nbd7 6. cxd5 exd5 7. e3 Be7 8.
Bd3 O-O 9. Qc2 Re8 10. O-O Nf8 11. h3 Bd6 12. Rfe1 Be6 13. Ne5 h6 14. Bh4 g5
15. Bg3 Nh5 16. Bh2 f6 17. Ng4 Bxh2+ 18. Kxh2 Kg7 19. g3 Bf7 20. f4 Qd6 21. Qf2
Re7 22. Re2 Rae8 23. Rae1 a6 24. Na4 Bg6 25. f5 Bf7 26. Nc5 b6 27. Na4 c5 28.
Bxa6 Ra8 29. Bb5 Kh7 30. Nc3 cxd4 31. exd4 Rxe2 32. Rxe2 Ng7 33. Bd3 h5 34. Ne3
h4 35. Nf1 Nh5 36. Bc2 Rc8 37. Bb3 Nd7 38. Qe1 Kg7 39. Nb5 hxg3+ 40. Nxg3 Qf4
41. Qf2 Qb8 42. Re7 Rc1 43. Bxd5 Rc2 44. Rxf7+ Kh6 45. Qxc2 Qxg3+ 46. Kh1 Qe1+
47. Kg2 Nf4+ 48. Kh2 Ne2 49. Kg2 Nf4+ 1/2-1/2

[Event "White Nights"]
[Site "St Petersburg RUS"]
[Date "2001.06.16"]
[Round "8"]
[White "Vorobiov, Evgeny"]
[Black "Sambuev, Bator"]
[Result "1/2-1/2"]
[WhiteElo "2488"]
[BlackElo "2391"]
[PlyCount "57"]
[EventDate "2001.06.09"]
[EventType "swiss"]
[EventRounds "9"]
[EventCountry "RUS"]
[Source "Mark Crowther"]
[SourceDate "2001.06.18"]

1. e4 e6 2. d4 d5 3. Nd2 c5 4. Ngf3 Nf6 5. exd5 exd5 6. Bb5+ Bd7 7. Bxd7+ Nbxd7
8. O-O Be7 9. dxc5 Nxc5 10. Re1 O-O 11. Nf1 Nce4 12. Be3 a5 13. Bd4 a4 14. a3
Qa5 15. Ne3 Rfd8 16. Qe2 Bc5 17. Rad1 Qb6 18. c3 h6 19. h3 Ra5 20. Bxc5 Nxc5
21. c4 Ne6 22. cxd5 Nf4 23. Qf1 Raa8 24. Nc4 Qa6 25. d6 Rac8 26. Nfe5 b5 27.
Ne3 Rxd6 28. g3 Rxd1 29. Rxd1 1/2-1/2

[Event "White Nights"]
[Site "St Petersburg RUS"]
[Date "2001.06.17"]
[Round "9"]
[White "Sambuev, Bator"]
[Black "Shariyazdanov, Andrey"]
[Result "0-1"]
[WhiteElo "2391"]
[BlackElo "2594"]
[PlyCount "94"]
[EventDate "2001.06.09"]
[EventType "swiss"]
[EventRounds "9"]
[EventCountry "RUS"]
[Source "Mark Crowther"]
[SourceDate "2001.06.18"]

1. d4 Nf6 2. c4 e6 3. Nc3 Bb4 4. e3 b6 5. Nge2 c5 6. a3 Ba5 7. Rb1 Na6 8. Qa4
Bb7 9. f3 Rc8 10. Bd2 Bc6 11. Qc2 O-O 12. Ng3 cxd4 13. exd4 Bxc3 14. Bxc3 Nc7
15. b4 b5 16. c5 Nfd5 17. Bd2 f5 18. Ne2 Qf6 19. f4 Qh4+ 20. Kd1 Nf6 21. Rb3
Be4 22. Qc1 Ncd5 23. Ng3 a6 24. Nxe4 Nxe4 25. g3 Qf6 26. Be3 d6 27. Bg2 Rfd8
28. Bxe4 fxe4 29. Kc2 Nb6 30. Rd1 Nc4 31. Kb1 dxc5 32. bxc5 Qf5 33. Qc2 Qd5 34.
Re1 a5 35. Bc1 a4 36. Rxb5 Rb8 37. Rb4 e3 38. Qc3 Qe4+ 39. Ka1 Rxb4 40. axb4
Rxd4 41. c6 Rd3 42. c7 Rxc3 43. c8=Q+ Kf7 44. Qd7+ Kg6 45. g4 h6 46. f5+ Kh7
47. f6 Rxc1+ 0-1

[Event "Geller mem op"]
[Site "Moscow RUS"]
[Date "2001.??.??"]
[Round "5"]
[White "Kokarev, Dmitry"]
[Black "Sambuev, Bator"]
[Result "1-0"]
[WhiteElo "2469"]
[BlackElo "2380"]
[PlyCount "90"]
[EventDate "2001.??.??"]
[EventType "swiss"]
[EventRounds "9"]
[EventCountry "RUS"]
[Source "ChessBase"]
[SourceDate "2001.11.25"]

1. e4 e6 2. d4 d5 3. Nd2 c5 4. exd5 exd5 5. Ngf3 Nc6 6. Bb5 Bd6 7. O-O cxd4 8.
Nb3 Nge7 9. Nbxd4 O-O 10. c3 Qb6 11. Be2 Re8 12. Nb5 Bb8 13. Be3 Qd8 14. Nbd4
a6 15. Re1 Qd6 16. g3 Ba7 17. Nc2 Bf5 18. Bxa7 Rxa7 19. Bd3 Raa8 20. Ne3 Bxd3
21. Qxd3 Red8 22. Rad1 h6 23. Nf5 Nxf5 24. Qxf5 g6 25. Qd3 Qf6 26. Kg2 Kg7 27.
Rd2 b5 28. Qe3 Na5 29. Qd4 Nc4 30. Rde2 Qxd4 31. Nxd4 Rd7 32. f3 Kf6 33. Kf2
Rc8 34. g4 Nb6 35. h4 Na4 36. Rd2 Rb7 37. Ne2 b4 38. cxb4 Rxb4 39. b3 Nc3 40.
Rd4 Rb6 41. Rd3 Nxe2 42. Rxe2 h5 43. g5+ Kg7 44. Rxd5 Re6 45. Ree5 Rec6 1-0

[Event "Geller mem op"]
[Site "Moscow RUS"]
[Date "2001.??.??"]
[Round "6"]
[White "Sambuev, Bator"]
[Black "Aliabiev, Boris"]
[Result "1-0"]
[WhiteElo "2380"]
[BlackElo "2146"]
[PlyCount "69"]
[EventDate "2001.??.??"]
[EventType "swiss"]
[EventRounds "9"]
[EventCountry "RUS"]
[Source "ChessBase"]
[SourceDate "2001.11.25"]

1. Nf3 d5 2. d4 Bf5 3. c4 e6 4. Nc3 c6 5. Qb3 Qb6 6. c5 Qxb3 7. axb3 Na6 8. e4
Nb4 9. Ra4 Nc2+ 10. Kd2 dxe4 11. Nh4 Nxd4 12. Rxd4 Bxc5 13. Nxf5 Bxd4 14. Nxd4
O-O-O 15. Ke3 Nh6 16. Be2 e5 17. Nc2 f5 18. f4 exf3 19. gxf3 f4+ 20. Kf2 Nf5
21. Ne4 Nd6 22. Nxd6+ Rxd6 23. Na3 b5 24. Nb1 Rhd8 25. Nc3 h6 26. Ne4 Rd5 27.
h4 a5 28. Rg1 R8d7 29. Rg6 Kc7 30. Ke1 Rf7 31. Bd2 Kb6 32. Kd1 Ra7 33. Nc3 Rd8
34. Bxb5 Rad7 35. Rg2 1-0

[Event "Geller mem op"]
[Site "Moscow RUS"]
[Date "2001.??.??"]
[Round "7"]
[White "Saulin, Dmitri"]
[Black "Sambuev, Bator"]
[Result "0-1"]
[WhiteElo "2462"]
[BlackElo "2380"]
[PlyCount "53"]
[EventDate "2001.??.??"]
[EventType "swiss"]
[EventRounds "9"]
[EventCountry "RUS"]
[Source "ChessBase"]
[SourceDate "2001.11.25"]

1. e4 e6 2. d4 d5 3. Nd2 c5 4. Ngf3 Nc6 5. exd5 exd5 6. Bb5 Bd6 7. O-O cxd4 8.
Nb3 Nge7 9. Nbxd4 O-O 10. Bg5 Qb6 11. Be3 Nxd4 12. Nxd4 a6 13. Bd3 Qxb2 14. Qh5
f5 15. Rab1 Qc3 16. Rfe1 Qc7 17. Nf3 b5 18. Bd2 Nc6 19. a4 bxa4 20. c4 Ne5 21.
Nxe5 Bxe5 22. Qf3 Bb7 23. Bxf5 a3 24. Be6+ Kh8 25. Qxa3 dxc4 26. Ba5 Qc6 27.
Rxb7 0-1

[Event "Geller mem op"]
[Site "Moscow RUS"]
[Date "2001.??.??"]
[Round "8"]
[White "Sambuev, Bator"]
[Black "Zagrebelny, Sergey"]
[Result "0-1"]
[WhiteElo "2380"]
[BlackElo "2477"]
[PlyCount "59"]
[EventDate "2001.??.??"]
[EventType "swiss"]
[EventRounds "9"]
[EventCountry "RUS"]
[Source "ChessBase"]
[SourceDate "2001.11.25"]

1. d4 Nf6 2. c4 e6 3. Nc3 Bb4 4. e3 O-O 5. Bd3 d5 6. Nf3 c5 7. O-O cxd4 8. exd4
dxc4 9. Bxc4 b6 10. Bg5 Bb7 11. Re1 Nbd7 12. Qb3 Bxc3 13. bxc3 Qc7 14. Bd3 Rac8
15. Rac1 Bxf3 16. gxf3 h6 17. Bh4 Qf4 18. Bg3 Qxf3 19. Bf1 Qg4 20. Qb5 e5 21.
h3 Qg5 22. Bg2 a6 23. Qxa6 exd4 24. Qd3 dxc3 25. Rxc3 Qa5 26. Rec1 Rxc3 27.
Rxc3 Qxa2 28. Rc6 Qa1+ 29. Bf1 Re8 30. Rd6 0-1

[Event "Moscow-ch"]
[Site "Moscow RUS"]
[Date "2001.??.??"]
[Round "2"]
[White "Ustinov, Alexandr"]
[Black "Sambuev, Bator"]
[Result "0-1"]
[WhiteElo "2139"]
[BlackElo "2380"]
[PlyCount "55"]
[EventDate "2001.??.??"]
[EventType "swiss"]
[EventRounds "9"]
[EventCountry "RUS"]
[Source "ChessBase"]
[SourceDate "2001.11.25"]

1. e4 e6 2. d4 d5 3. e5 c5 4. c3 Nc6 5. Nf3 Qb6 6. Be2 Nh6 7. b3 cxd4 8. cxd4
Nf5 9. Bb2 Bb4+ 10. Kf1 O-O 11. a3 Be7 12. b4 f6 13. g3 fxe5 14. dxe5 a5 15. b5
Bc5 16. Ra2 Bxf2 17. Bc1 Ncd4 18. Kg2 Nxf3 19. Bxf3 Bd4 20. Re1 Qxb5 21. Bg5
Qb6 22. Qd3 h6 23. Bf4 Bd7 24. Nc3 Bxc3 25. Qxc3 Nh4+ 26. Kh3 Rac8 27. Qd3 Bb5
28. Qb3 0-1

[Event "Moscow-ch"]
[Site "Moscow RUS"]
[Date "2001.??.??"]
[Round "3"]
[White "Sambuev, Bator"]
[Black "Vorobiov, Evgeny"]
[Result "1/2-1/2"]
[WhiteElo "2380"]
[BlackElo "2478"]
[PlyCount "56"]
[EventDate "2001.??.??"]
[EventType "swiss"]
[EventRounds "9"]
[EventCountry "RUS"]
[Source "ChessBase"]
[SourceDate "2001.11.25"]

1. Nf3 d5 2. d4 Nf6 3. c4 c6 4. Nc3 e6 5. Bg5 h6 6. Bh4 dxc4 7. e4 g5 8. Bg3 b5
9. Be2 Bb7 10. h4 g4 11. Ne5 Rg8 12. Nxg4 Nbd7 13. Nxf6+ Nxf6 14. O-O b4 15. e5
bxc3 16. exf6 cxb2 17. Rb1 c3 18. Qb3 Rxg3 19. Qxb7 Rb8 20. Qxc6+ Qd7 21. Qxd7+
Kxd7 22. fxg3 c2 23. Rxb2 Rxb2 24. Bd3 Bb4 25. Rc1 Bd2 26. Rxc2 Be3+ 27. Kf1
Rxc2 28. Bxc2 Bxd4 1/2-1/2

[Event "Moscow-ch"]
[Site "Moscow RUS"]
[Date "2001.??.??"]
[Round "4"]
[White "Saulin, Dmitri"]
[Black "Sambuev, Bator"]
[Result "1/2-1/2"]
[WhiteElo "2462"]
[BlackElo "2380"]
[PlyCount "59"]
[EventDate "2001.??.??"]
[EventType "swiss"]
[EventRounds "9"]
[EventCountry "RUS"]
[Source "ChessBase"]
[SourceDate "2001.11.25"]

1. Nf3 d5 2. d4 c6 3. c4 e6 4. Qc2 dxc4 5. Qxc4 Nf6 6. g3 b5 7. Qb3 Bb7 8. Bg2
a6 9. a4 Nbd7 10. O-O c5 11. axb5 Bd5 12. Qc2 Be4 13. Qd1 axb5 14. Rxa8 Bxa8
15. Na3 b4 16. Nc4 Be7 17. dxc5 O-O 18. Qa4 Bxc5 19. Be3 Nd5 20. Bxc5 Nxc5 21.
Qa7 Qe7 22. Ra1 Bb7 23. Nd4 g6 24. Bxd5 exd5 25. Ne3 Ne4 26. Qb6 Rc8 27. Ra7
Rc1+ 28. Kg2 Nd6 29. Nf3 b3 30. Nxd5 1/2-1/2

[Event "Moscow-ch"]
[Site "Moscow RUS"]
[Date "2001.??.??"]
[Round "5"]
[White "Sambuev, Bator"]
[Black "Kalinin, Alexander"]
[Result "1/2-1/2"]
[WhiteElo "2380"]
[BlackElo "2444"]
[PlyCount "47"]
[EventDate "2001.??.??"]
[EventType "swiss"]
[EventRounds "9"]
[EventCountry "RUS"]
[Source "ChessBase"]
[SourceDate "2001.11.25"]

1. Nf3 Nf6 2. c4 c5 3. Nc3 e6 4. g3 b6 5. Bg2 Bb7 6. O-O Be7 7. Re1 d6 8. e4 a6
9. d4 cxd4 10. Nxd4 Qc7 11. Be3 O-O 12. Rc1 Nbd7 13. f4 h5 14. h3 Rfe8 15. f5
Bf8 16. fxe6 fxe6 17. Bf2 Ne5 18. Nde2 Qf7 19. Rf1 Nxc4 20. b3 Ne5 21. Bxb6 Qg6
22. Bd4 Rac8 23. Kh2 Qh6 24. Bf2 1/2-1/2

[Event "Moscow-ch"]
[Site "Moscow RUS"]
[Date "2001.??.??"]
[Round "6"]
[White "Sambuev, Bator"]
[Black "Rychagov, Andrey"]
[Result "1-0"]
[WhiteElo "2380"]
[BlackElo "2525"]
[PlyCount "49"]
[EventDate "2001.??.??"]
[EventType "swiss"]
[EventRounds "9"]
[EventCountry "RUS"]
[Source "ChessBase"]
[SourceDate "2001.11.25"]

1. e4 c5 2. Nf3 e6 3. d4 cxd4 4. Nxd4 Nc6 5. Nc3 Qc7 6. Be2 a6 7. O-O Nf6 8.
Be3 Be7 9. f4 d6 10. Qe1 O-O 11. Qg3 Bd7 12. Kh1 b5 13. a3 Rab8 14. e5 Ne8 15.
Bd3 b4 16. Ne4 bxa3 17. bxa3 d5 18. Ng5 g6 19. Ndf3 Ng7 20. Qh4 h5 21. g4 d4
22. gxh5 Nxh5 23. Nxf7 Kxf7 24. Bxg6+ Kxg6 25. Rg1+ 1-0

[Event "Moscow-ch"]
[Site "Moscow RUS"]
[Date "2001.??.??"]
[Round "7"]
[White "Shabanov, Yuri"]
[Black "Sambuev, Bator"]
[Result "0-1"]
[WhiteElo "2505"]
[BlackElo "2380"]
[PlyCount "66"]
[EventDate "2001.??.??"]
[EventType "swiss"]
[EventRounds "9"]
[EventCountry "RUS"]
[Source "ChessBase"]
[SourceDate "2001.11.25"]

1. d4 e6 2. Nf3 Nf6 3. e3 b6 4. Bd3 Bb7 5. O-O d5 6. b3 Bd6 7. Bb2 O-O 8. Ne5
c5 9. Nd2 Nc6 10. a3 Qc7 11. f4 Ne7 12. Qf3 c4 13. bxc4 dxc4 14. Ne4 cxd3 15.
Nxf6+ gxf6 16. Qg3+ Ng6 17. Ng4 Qxc2 18. Rab1 Bd5 19. Rfc1 Qa4 20. e4 Kg7 21.
exd5 Bxf4 22. Qf3 Rac8 23. Rf1 Rc2 24. g3 Rxb2 25. Rxb2 Qxd4+ 26. Rbf2 h5 27.
Nxf6 Kxf6 28. gxf4 Rg8 29. Qxh5 Nh4+ 30. Kh1 Qe4+ 31. Rf3 Nxf3 32. Qxf3 Kf5 33.
dxe6 fxe6 0-1

[Event "Moscow-ch"]
[Site "Moscow RUS"]
[Date "2001.??.??"]
[Round "8"]
[White "Baikov, Vladimir"]
[Black "Sambuev, Bator"]
[Result "1-0"]
[WhiteElo "2425"]
[BlackElo "2380"]
[PlyCount "104"]
[EventDate "2001.??.??"]
[EventType "swiss"]
[EventRounds "9"]
[EventCountry "RUS"]
[Source "ChessBase"]
[SourceDate "2001.11.25"]

1. d4 d5 2. c4 e6 3. Nf3 c6 4. e3 Nf6 5. Nc3 Nbd7 6. Bd3 dxc4 7. Bxc4 b5 8. Bd3
Bb7 9. e4 b4 10. Na4 c5 11. e5 Nd5 12. dxc5 Qa5 13. O-O Bxc5 14. Nxc5 Nxc5 15.
Bc2 h6 16. Nd4 Qc7 17. Re1 O-O 18. Qg4 f5 19. exf6 Rxf6 20. Bd2 Raf8 21. f3 Qb6
22. Kh1 Nf4 23. Be3 Nfd3 24. Rf1 Ne5 25. Qg3 Nc4 26. Bg1 Nd2 27. Rf2 Nce4 28.
fxe4 Qxd4 29. Rxf6 Qxf6 30. e5 Qg5 31. Qxg5 hxg5 32. Rd1 Nc4 33. Bb3 Bd5 34.
Bd4 Rf4 35. Kg1 Re4 36. Kf2 Nxe5 37. Bxd5 exd5 38. Bxa7 Nc6 39. Be3 Re5 40. Rc1
Rf5+ 41. Ke2 Ne5 42. Rc7 Ng4 43. Bd4 Rf4 44. Kd3 b3 45. axb3 Nf2+ 46. Bxf2 Rxf2
47. Rc2 Rf4 48. g3 Rb4 49. Kc3 Rb5 50. Rf2 Kh7 51. b4 Kg6 52. Kb3 Rb8 1-0